000 00942nam a2200289Ia 4500
005 20220317001324.0
008 161108s2007 sp g 000 0 spa
020 _a9788449320040
082 0 4 _aR 200.3
_bE43d1
100 1 _aEliade, Mircea
_d1907-1986
245 1 0 _aDiccionario de las religiones
_cMircea Eliade, Ioan P. Couliano ; traducción de Isidro Arias Pérez
250 _aPrimera edición
264 1 _aBarcelona
_bPaidós
_c2007
300 _a366 páginas
_c21 cm.
336 _atexto
_btxt
_2rdacontent
337 _asin mediación
_bn
_2rdamedia
338 _avolumen
_bnc
_2rdacarrier
490 _aSurcos
500 _aIncluye índice
650 1 4 _2LEMB
_aReligión
_vDiccionarios
650 1 4 _2LEMB
_aCivilización
_vDiccionarios
650 1 4 _2LEMB
_aDioses
_vDiccionarios
700 1 _aCouliano, Ioan P
_927040
700 1 _aArias Pérez, Isidro
_9104419
942 _2ddc
_cREF
040 _aCO-BoRNBP
_bspa
_erda
_cCO-BoRNBP
999 _c6614
_d6614